000 00336nam a2200133Ia 4500
008 240624s9999 xx 000 0 und d
041 _aeng
082 _a658.4063 GAT
100 _aGATIGNON HUBERT
245 _aMAKING INNOVATION LAST VOLUME 2 SUSTAINA
260 _c2016
_aMacmillan,2016
300 _axix, 456 p.
365 _cERU
_b25
999 _c30160
_d30160